000 00886nam a22002175i 4500
001 159263
003 ES-MaACL
005 20230906211522.0
008 990923s1893 phl |||| | spa d
040 _aCCPB | B
_bspa
_cCCPB | B
100 1 _aMedina, Juan de.
_9129790
245 1 0 _aHistoria de los sucesos de la orden de N. gran P.S. Agustín de estas islas Filipinas
_b: desde que se descubrieron y se poblaron por los españoles, con las noticias memorables /
_cJuan de Medina.
260 _aManila :
_b[s.n.],
_c1893 (
_ftipo-litografia de Chofré y comp.)
300 _aVIII, 542 p. ;
_c22 cm.
490 1 _aBiblioteca histórica Filipina
651 4 _aFilipinas-
_xHistoria.
_98658
752 _aFilipinas -
_dManila
830 0 _aBiblioteca histórica Filipina
_9233426
852 _aES-MaACL
_jG-5374
_z-- Enc. hol.
_q-- Contiene VIII, 489 p.
999 _c159263
_d159263